| 000 | 00747nac a22001811u 4500 | ||
|---|---|---|---|
| 010 | _a 97035029 | ||
| 020 | _a0393045749 | ||
| 082 | 0 | 0 |
_a338.0973 _bL5671 |
| 090 |
_c2102 _d2102 |
||
| 100 | _aLester, Richard K. | ||
| 245 | 1 | 4 |
_aThe productive edge : _bhow U.S. industries are pointing the way to a new era of economic growth / _cRichard K. Lester. |
| 260 |
_aNew York : _bW.W. Norton,1998 _c1998. |
||
| 300 |
_a368 p. ; _c25 cm. |
||
| 504 | _aIncludes bibliographical references (p. 341-357) and index. | ||
| 650 | 0 |
_aIndustrial productivity _zUnited States. |
|
| 942 |
_cBB _k338.0973L5671 |
||
| 999 |
_c2102 _d2102 |
||